Teatro escogido
Saved in:
| Hovedforfatter: | |
|---|---|
| Format: | Bog |
| Sprog: | spansk |
| Udgivet: |
Madrid
Aguilar
1959
|
| Udgivelse: | 4a. ed |
| Serier: | Biblioteca Premios Nobel
|
| Fag: | |
| Tags: |
Tilføj Tag
Ingen Tags, Vær først til at tagge denne postø!
|
MARC
| LEADER | 00000nam a2200000 a 4500 | ||
|---|---|---|---|
| 001 | UCQ6177 | ||
| 003 | CL-VaPUC | ||
| 008 | 981009e19590000SP |||||||||||||||||spa|d | ||
| 082 | 0 | 4 | |a 862 |b ECH |2 21 |
| 100 | 0 | |a Echegaray, José |e author |9 420086 | |
| 245 | 1 | 0 | |a Teatro escogido |
| 250 | |a 4a. ed | ||
| 300 | |a 1325 p | ||
| 942 | |c BK | ||
| 945 | |d 19981009 00:00:00 |a crobeson | ||
| 260 | |a Madrid |b Aguilar |c 1959 | ||
| 500 | |a Incluye: el libro talonario; la última noche; en el puño de la espada; o locura o santidad; en el seno de la muerte; la muerte en los labios; el gran galeoto,; piensa mal... y acertaras?; de mala raza; sic vos non vobis o la última limosna; mancha que limpia; la duda; a fuerza de arrastre | ||
| 650 | 0 | |a Dramas españoles |9 267081 | |
| 650 | 0 | |a Literatura española |9 306261 | |
| 583 | |a last modification |c 19981009 00:00:00 |k Rodrigo Vera | ||
| 490 | 0 | |a Biblioteca Premios Nobel | |
| 999 | |c 276179 |d 276177 | ||
| 952 | |0 0 |1 0 |4 0 |6 862_000000000000000_ECH_1959 |7 0 |8 A |9 313318 |a BIBEDU |b BIBEDU |d 2019-11-20 |i 1476637 |o 862 ECH 1959 |p 1476637 |r 2019-11-20 |w 2019-11-20 |y BK |k LIT | ||